Les Aventures de Tintin - Statistiques

Statistiques générales
  • Ce quiz a été pris 73 fois
    21 depuis la dernière actualisation
  • Le résultat moyen est 14 sur 15
Statistiques - réponses
Question Réponse % Correct
Qui est un fidèle ami de Tintin ? Capt. Archibald Haddock
100%
Comment se nomme le créateur des Aventures de Tintin ? Hergé
100%
Dans quel groupe de Résistance Tintin se retrouve t'il lors d'un coup d'état ? Les Picaros
100%
Comment se nomme le petit ami à poil de Tintin ? Milou
100%
Pourquoi Tintin va au Tibet ? Pour retrouver Tchang
100%
Vol 714 pour ... Sydney
100%
Quel animal est-il ? Un Chien
100%
Qui est Alcazar ? Un Général
100%
Combien d'album(s) de Tintin existe-t'il ? 24
93%
Ou Tintin n'est-il jamais allé ? Alger
93%
Qui n'en est pas un ? La Castafiore, une poissonnière
93%
Dans quel album, Tintin rencontre le professeur Tournesol pour la première fois ? Le trésor de Rackham le Rouge
93%
Lequel de ces albums fut le premier ? Tintin au pays des Soviets
93%
Lequel de ces films ne fut jamais une bande dessinée ? Les Oranges bleus
71%
Dans quel album, Tintin ne porte pas son pantalon de golf ? Tintin et les Picaros
50%
Aucun quiz correspondant
Distribution des résultats
% des personnes avec chaque résultat
Percentile par nombre de réponses
Votre historique - résultats
Vous n’avez pas pris ce quiz depuis la dernière actualisation